000 00368nam a2200169Ia 4500
100 _aAvadhanulu/M.N/ Dani/A.A
650 _aPhysics
942 _cBK
366 _f15
654 _aphysics
245 _aExperiments in Engineering physics
260 _bS.Chand & C0
_aMumbai
_c2007
082 _a530/AVA
_bAVA
300 _a244
546 _aENGLISH
999 _c32863
_d32863